Intervenção do Estado no domínio econômico e no domínio social / (Record no. 399)

MARC details
000 -LÍDER
Campo Fixo de Controle 01000nam a2200277 a 4500
001 - NÚMERO DE CONTROLE
Campo de Controle 399
003 - IDENTIFICAÇÃO DO NÚMERO DE CONTROLE
Campo de Controle BR-CuiBMT
005 - DATA E HORA DA ÚLTIMA ATUALIZAÇÃO
Campo de Controle 20231129051419.0
008 - DADOS FIXOS
Dados Fixos 230914s2010 mgb 000 0 por d
020 ## - INTERNATIONAL STANDARD BOOK NUMBER
Nº do ISBN 9788577003518
040 ## - AGÊNCIA CATALOGADORA
Código da Agência Catalogadora BR-CuiBMT
Agência que transcreveu o registro BR-CuiBMT
080 ## - Nº DA CLASSIFICAÇÃO DECIMAL UNIVERSAL
Nº Class. CDU 338.242.4
Nº edição CDU 2007
090 ## - NÚMERO DE CHAMADA
Nº classificação 338.242.4
Cutter I61
245 00 - TÍTULO PRINCIPAL
Título principal Intervenção do Estado no domínio econômico e no domínio social /
Indicação de responsabilidade Priscila Sparapani, Renata Porto Adri, coordenadoras ; prefácio Carlos Ayres Brito ; [autores Angelo Augusto Costa ... et al.].
260 ## - PUBLICAÇÃO, DISTRIBUIÇÃO, ETC.
Local de publicação Belo Horizonte :
Editora Fórum,
Data 2010.
300 ## - DESCRIÇÃO FÍSICA
N. páginas ou volumes 399 p. ;
Dimensões 22 cm
500 ## - NOTAS GERAIS
Notas gerais Homenagem ao professor Celso Antônio Bandeira de Melo.
504 ## - NOTA DE BIBLIOGRAFIA, ETC.
Nota de bibliografia Inclui bibliografia.
650 ## - ASSUNTO TÓPICO
Cabeçalho tópico ou nome geográfico Desenvolvimento econômico
Subdivisão geográfica Brasil
650 ## - ASSUNTO TÓPICO
Cabeçalho tópico ou nome geográfico Política econômica
650 ## - ASSUNTO TÓPICO
Cabeçalho tópico ou nome geográfico Direito administrativo
700 1# - ENTRADA SECUNDÁRIA -- NOME PESSOAL
Nome pessoal Sparapani, Priscila
Cód. do termo explicativo coord.
700 1# - ENTRADA SECUNDÁRIA -- NOME PESSOAL
Nome pessoal Adri, Renata Porto
Cód. do termo explicativo coord.
700 ## - ENTRADA SECUNDÁRIA -- NOME PESSOAL
Nome pessoal Costa, Angelo Augusto
Cód. do termo explicativo et al.
-- autores
942 ## - ELEMENTOS DE ENTRADA ADICIONAIS (KOHA)
Fonte de classificação ou esquema de arquivamento Classificação Decimal Universal
Tipo de item do Koha Livros
Holdings
Estado: removido Estado: perdido Fonte de classificação ou esquema de arquivamento Estado: danificado Indisponível para empréstimo Localização permanente Localização atual Data de aquisição Total Checkouts Número de Chamada completo Código de barras Date last seen Número do exemplar Preço efetivo a partir de Tipo de item (Koha)
    Classificação Decimal Universal     Biblioteca da Escola Superior de Contas do TCE/MT Biblioteca da Escola Superior de Contas do TCE/MT 13/08/2019   338.242.4 I61 BIBTCEMT23110118 03/11/2023 Ex. 1 03/11/2023 Livros
    Classificação Decimal Universal     Biblioteca da Escola Superior de Contas do TCE/MT Biblioteca da Escola Superior de Contas do TCE/MT 13/08/2019   338.242.4 I61 BIBTCEMT23110190 06/11/2023 Ex. 2 06/11/2023 Livros

Powered by Koha